Logistické nehnuteľnosti - kritériá požiadavky smerujúce k variabilite, infraštruktúre a perspektíve lokality

Bibliographic Details
Format: Article
Language:Slovak
ISSN:1337-0138
Subjects:

MARC

LEADER 00000nab a2200000 ar4500
001 vtls009004269
003 SK-MaSNL
005 20260304151549.0
008 250506c2007 xo mr|p|||||||000 b|slo
015 |a SNBRB2007/06  |2 snkbucl 
035 |a (uuid)4a875cd7-75f6-47bc-a1aa-a8f37a718f77 
035 |a urn:nbn:sk:snk-abadr6 
035 |a (urnnbn)urn:nbn:sk:snk:ar-a0acwy 
038 |a SNKBUCL 
040 |a SNKBUCL  |b slo  |c SNKBUCL  |e AACR2 
041 0 |a slo 
044 |a xo  |c SK 
080 |a 658.8.012.34:332  |2 2001 
080 |a 658.788.012.34  |2 2001 
080 |a 332  |2 2001 
245 0 0 |a Logistické nehnuteľnosti - kritériá  |b požiadavky smerujúce k variabilite, infraštruktúre a perspektíve lokality 
500 |a Spracované podľa časopisu Logistika 
650 0 7 |a logistika (manažment)  |2 snkbucl  |9 3620 
650 0 7 |a nehnuteľnosti  |2 snkbucl  |9 3653 
773 0 |t Doprava a logistika  |g Roč. 2., č. 5 (2007), s. 15  |x 1337-0138 
850 |a Slovenská národná knižnica 
852 |a Slovenská národná knižnica 
954 |a odborná, vedecká literatúra pôvodná (slovenská)  |2 lita 
958 |a article14 
958 |a OND 
958 |a EUIPO 
999 |c 2944471  |d 2946401